000 01270nam a2200325Ia 4500
001 ebr10275694
003 CaPaEBR
006 m u
007 cr cn|||||||||
008 090410s2009 inua s 001 0 eng d
020 _z9780470257036
040 _aCaPaEBR
_cCaPaEBR
035 _a(OCoLC)646796210
050 1 4 _aQA76.73.S67
_bT87 2009eb
100 1 _aTurley, Paul,
_d1962-
245 1 0 _aBeginning T-SQL with Microsoft SQL Server 2005 and 2008
_h[electronic resource] /
_cPaul Turley and Dan Wood ; technical editor, David Norton.
260 _aIndianapolis, Ind. :
_bWiley Publishing, Inc.,
_cc2009.
300 _axxiv, 647 p. :
_bill.
500 _aIncludes index.
533 _aElectronic reproduction.
_bPalo Alto, Calif. :
_cebrary,
_d2009.
_nAvailable via World Wide Web.
_nAccess may be limited to ebrary affiliated libraries.
630 0 0 _aSQL server.
650 0 _aClient/server computing.
650 0 _aDatabase management.
650 0 _aSQL (Computer program language)
655 7 _aElectronic books.
_2local
700 1 _aNorton, David.
700 1 _aWood, Dan,
_d1962-
710 2 _aebrary, Inc.
856 4 0 _uhttp://site.ebrary.com/lib/rucke/Doc?id=10275694
_zAn electronic book accessible through the World Wide Web; click to view
999 _c20844
_d20844